| 000 | 00869nam0a22002651 4500 | ||
|---|---|---|---|
| 001 | v19\rc\1761449 | ||
| 005 | 20061204160139.4 | ||
| 035 | _a(NLR Aleph) 004861835 | ||
| 090 |
_a5018422 _c5018422 |
||
| 100 | _a20061204d1903 |||y0rusy50 ca | ||
| 101 | 0 | _arus | |
| 102 | _aRU | ||
| 105 | _ay z ||||| | ||
| 200 | 1 |
_aНеорганическая химия _eИзвлеч. из журналов за 1901 г. _f(Обраб. В. Куриловым) |
|
| 210 |
_aСанкт-Петербург _cтип. В. Демакова _d[1903] |
||
| 215 |
_a21 с. _d22 |
||
| 309 | _aБез тит. л. и обл. | ||
| 700 | 1 |
_aКурилов _bВ. В. _f1867-1921 _gВенедикт Викторович |
|
| 801 | 0 |
_aRU _bNLR _gpsbo |
|
| 801 | 0 |
_aRU _bRuMoRGB _2psbo |
|
| 801 | 1 |
_aRU _bProSoft-M _2rusmarc |
|
| 852 |
_aNLR _j34.52.3.655 |
||
| 899 | _aБАН | ||
| 942 | _cBOOK | ||
| 980 | _aNB | ||